Internet marketing

Đã lưu trong:
書目詳細資料
主要作者: Rafi A. Mohammed
格式: 圖書
語言:Undetermined
出版: Boston McGraw-Hill 2004
標簽: 添加標簽
沒有標簽, 成為第一個標記此記錄!
Thư viện lưu trữ: Trung tâm Học liệu Trường Đại học Cần Thơ
LEADER 00348nam a2200133Ia 4500
001 CTU_65883
008 210402s9999 xx 000 0 und d
020 |b 1865000 
100 |a Rafi A. Mohammed 
245 0 |a Internet marketing 
260 |a Boston 
260 |b McGraw-Hill 
260 |c 2004 
980 |a Trung tâm Học liệu Trường Đại học Cần Thơ